书目信息 |
| 题名: |
钢笔字楷书速成100天
|
|
| 作者: | 牛彤 主编 ;孝斌 编写 | |
| 分册: | ||
| 出版信息: | 北京 北京燕山出版社 1996 |
|
| 页数: | 124页 | |
| 开本: | 19cm | |
| 丛书名: | ||
| 单 册: | ||
| 中图分类: | J292.33 , J292.12 , J292.12 | |
| 科图分类: | ||
| 主题词: | 钢笔字--楷书--中国--现代 | |
| 电子资源: | ||
| ISBN: | 7-5402-0298-X | |
| 000 | 00816nam0 2200265 450 | |
| 001 | 1571825163 | |
| 005 | 20150131094210.20 | |
| 010 | @a7-5402-0298-X@dCNY6.30 | |
| 100 | @a20030407d1996 em y0chiy0110 ea | |
| 101 | 0 | @achi |
| 102 | @aCN@b110000 | |
| 105 | @ay z 000yy | |
| 200 | 1 | @a钢笔字楷书速成100天@9gang bi zi kai shu su cheng 100 tian@f牛彤主编@g孝斌等编写 |
| 210 | @a北京@c北京燕山出版社@d1996 | |
| 215 | @a124页@d19cm | |
| 300 | @a书脊题名:钢笔字楷书速成一○○天 | |
| 516 | 1 | @a钢笔字楷书速成一○○天@9gang bi zi kai shu su cheng yi ling ling tian |
| 606 | 0 | @a钢笔字@x楷书@y中国@z现代 |
| 690 | @aJ292.33@v5 | |
| 690 | @aJ292.12@v5 | |
| 690 | @aJ292.12@v4 | |
| 701 | 0 | @a牛彤@9niu tong@4主编 |
| 702 | 0 | @a孝斌@9xiao bin@4编写 |
| 801 | 0 | @aCN@bTSSF@c20150131 |
| 905 | @aZUCC@dJ292.12@eJY7 | |
| 钢笔字楷书速成100天/牛彤主编/孝斌等编写.-北京:北京燕山出版社,1996 |
| 124页;19cm |
| 书脊题名:钢笔字楷书速成一○○天 |
| ISBN 7-5402-0298-X:CNY6.30 |
| ● |
| 相关链接 |
|
|
|
|
正题名:钢笔字楷书速成100天
索取号:J292.12/JY7
 
预约/预借
| 序号 | 登录号 | 条形码 | 馆藏地/架位号 | 状态 | 备注 |
| 1 | 7862771 | 278627719 | 学院路分馆/ [索取号:J292.12/JY7] | 在馆 | |
| 2 | 7862906 | 278629067 | 学院路分馆/ [索取号:J292.12/JY7] | 在馆 | |
| 3 | 7862907 | 278629076 | 学院路分馆/ [索取号:J292.12/JY7] | 在馆 | |
| 4 | 7862908 | 278629085 | 学院路分馆/ [索取号:J292.12/JY7] | 在馆 |